000 00458ntaaa2200181 4500
003 01
005 20251027202050.0
008 0714s1973 ag 01
040 _aAR-BaBN
_bspa
_cAR-BaBN
_eaacr
_dRIC
082 _a252.0000 C83
100 _aCox, Enos Kincheloe
_919249
245 _aThe answer by fire
250 _a1 ed.
260 _aGrand Rapids :
_bWm. B. Eerdmans Publishing Company,
_cn.f.
300 _a154 p
650 _asermones
_9362
942 _cBK
999 _c15491
_d15491